The Madras council rules under clause (1) of article 208 of the constitution (Record no. 491044)

000 -LEADER
fixed length control field 00412cam a22001097a 4500
008 - FIXED-LENGTH DATA ELEMENTS--GENERAL INFORMATION
fixed length control field 180718b1960 xxu||||| |||| 00| 0 eng d
082 ## - DEWEY DECIMAL CLASSIFICATION NUMBER
Classification number G5x5452 M267C
245 ## - TITLE STATEMENT
Title The Madras council rules under clause (1) of article 208 of the constitution
Statement of responsibility, etc. by Legislative Council Department, Madras
260 ## - PUBLICATION, DISTRIBUTION, ETC.
Place of publication, distribution, etc. Madras
Name of publisher, distributor, etc. Legislative Council Department
Date of publication, distribution, etc. 1960
300 ## - PHYSICAL DESCRIPTION
Extent 39+p
700 ## - ADDED ENTRY--PERSONAL NAME
Personal name Madras. Legislative Council Department
Holdings
Withdrawn status Lost status Damaged status Not for loan Permanent Location Current Location Date acquired Full call number Barcode Date last seen Price effective from Koha item type
        Indian Institute of Public Administration Indian Institute of Public Administration 2018-08-04 G5x5452 M267C G576 2018-08-04 2018-08-04 G

Powered by Koha